Issues and challenges of development : (Record no. 7829)

MARC details
000 -LEADER
fixed length control field 00432nam a22001457a 4500
008 - FIXED-LENGTH DATA ELEMENTS--GENERAL INFORMATION
fixed length control field 190410b ||||| |||| 00| 0 eng d
020 ## - INTERNATIONAL STANDARD BOOK NUMBER
International Standard Book Number 9789386062185
082 ## - DEWEY DECIMAL CLASSIFICATION NUMBER
Classification number 338.9 P32i 2017
100 ## - MAIN ENTRY--PERSONAL NAME
Personal name Pattanaik, B. K.
245 ## - TITLE STATEMENT
Title Issues and challenges of development :
Remainder of title an introduction
260 ## - PUBLICATION, DISTRIBUTION, ETC.
Place of publication, distribution, etc. Thousand Oaks, California :
Name of publisher, distributor, etc. SAGE,
Date of publication, distribution, etc. 2017.
300 ## - PHYSICAL DESCRIPTION
Extent 434 pages ;
Dimensions 23 cm.
650 ## - SUBJECT ADDED ENTRY--TOPICAL TERM
Topical term or geographic name entry element Development economics.
942 ## - Added entry Elements (Koha)
Source of classification or shelving scheme Dewey Decimal Classification
Holdings
Withdrawn status Lost status Source of classification or shelving scheme Damaged status Not for loan Collection code Home library Current library Shelving location Date acquired Serial Enumeration / chronology Total Checkouts Total Renewals Full call number Barcode Date last seen Date last checked out Price effective from Koha item type
    Dewey Decimal Classification     Main TEST RTC Library RTC Library Main opac 10/04/2019 13320 10 6 338.9 PAT 30013023 24/11/2025 19/09/2025 10/04/2019 Main
Royal Thimphu College || All Right Reserved